000 00714cam a2200241 4500
008 000000n2002 000 0 eng u
020 _a1857121066
035 _a(Sirsi) u111428
041 _aeng
050 _a657.95
110 _aAccounting Standards Board
_93454
240 _aFRSSE
245 _aFinancial reporting standard for smaller entities (effective June 2002)
260 _aMilton Keynes
_bASB Publications
_c2002
300 _a204p.
_c21cm.
350 _a16
490 _aASB Financial Reporting Standard
650 _aACCOUNTING STANDARDS
650 _aFINANCIAL REPORTING
650 _aSMALLER ENTITIES
690 _aMANAGEMENT-BUSINESS MANAGEMENT-FINANCIAL MANAGEMENT
942 _n0
999 _c101243
_d101243